01379nac a22004097a 4500001001300000003000900013005001700022008003400039040005400073072001300127090002200140100002500162100001600187100002200203100001600225100002300241100001600264100001900280100001900299110004600318245008700364260003800451300001000489490009500499500003200594650001000626650001500636650001500651650002700666650001500693650001200708650001400720909004700734942001700781999001900798952015200817BR2010002773BR-BrBNA20240105123842.0230509b bl.|||m| |||| 00| 0 por d aBR-BrBNAbporcBiblioteca Nacional de Agricultura aL72; L73 a8105 BR20100027731 aOliveira-Filho, E.C.1 aRamos, F.R.1 aMuniz, D.H. de F.1 aLopes, M.C.1 aOliveira, R. de C.1 aAlves, R.T.1 aGrisolia, C.K.1 aMonnerat, R.G.1 aEMBRAPA Cerrados, Planaltina, DF (Brasil)1 aAvaliação dos efeitos adversos de entomopatógenos sobre peixes e camundongos3 aPlanaltina, DF (Brasil): c2009.  a20 p. aBoletim de Pesquisa e Desenvolvimento - EMBRAPA Cerrados (Brazil)vno. 237xISSN 1676-918X aSummaries (En, Pt); 22 ref. aPEIXE aCAMUNDONGO aPATÓGENO aBACILLUS THURINGIENSIS aBACTÉRIA aTOXIDEZ aPESTICIDA a202312bLúcia Elandec55dLúcia Elande 2AGRISn0cMS c297267d297267 002AGRIS40708Acervo Gerala41918b41918cAGROBASEl0o8105 BR2010002773p8105 BR2010002773r2023-12-18yMSePortaria Interministerial nº 164/94